000 00520nam a2200181Ia 4500
008 240925s9999 xx 000 0 und d
020 _a9781107198951
082 _a339.015195 AOY
100 _aAoyama, Hideaki
245 0 _aMacro-Econophysics: new studies on economic networks and synchronization
250 _aNA
260 _aNew York:
_bCambridge University Press
_c,2017.
300 _a300p.
_b0
_fOriginal
500 _aIncludes Index
600 _aSocial Sciences
650 _aSocial Sciences
942 _cBK
999 _c15749
_d15749